|
|
|
|
| LEADER |
00000nam a2200000 a 4500 |
| 001 |
vtls008294094 |
| 003 |
SK-MaSNL |
| 005 |
20260302003504.0 |
| 008 |
240318s2005 xo a b 000 0 slo |
| 015 |
|
|
|a SNBA2005/11-04539
|
| 020 |
|
|
|a 8010007692
|q (brož.)
|
| 035 |
|
|
|a 53924377-D6C2-418C-B225-1141D21E611D
|
| 035 |
|
|
|a urn:nbn:sk:snk-amkra2
|
| 035 |
|
|
|a urn:nbn:sk:snk-am005ee9
|
| 040 |
|
|
|a SNK
|b slo
|c SNK
|e AACR2
|
| 041 |
0 |
|
|a slo
|
| 044 |
|
|
|a xo
|
| 072 |
|
7 |
|a 51
|x Matematika
|2 konspekt
|
| 080 |
|
|
|a (075.2)
|2 1997
|
| 080 |
|
|
|a 51
|2 1997
|
| 100 |
1 |
|
|a Rýglová, Janka
|4 aut
|9 46633
|
| 245 |
1 |
0 |
|a Matematika pre 2. ročník špeciálnych základných škôl
|c [autorka Janka Rýglová; ilustrácie Ivan Kováčik]
|n 1. časť
|
| 250 |
|
|
|a 6. vyd.
|
| 260 |
|
|
|a Bratislava
|b Slovenské pedagogické nakladateľstvo
|c 2005
|
| 300 |
|
|
|a 127 s.
|b fareb. ilustr.
|c 29 cm
|
| 500 |
|
|
|a Názov z obalu
|
| 650 |
0 |
7 |
|a matematika
|2 SNKPH
|9 70174
|
| 655 |
|
7 |
|a učebnice špeciálnych základných škôl
|2 SNKPH
|9 70204
|
| 700 |
1 |
|
|a Kováčik, Ivan
|4 ill
|9 6562
|
| 919 |
|
|
|a 80-10-00769-2
|
| 968 |
|
|
|d 37
|
| 999 |
|
|
|c 992193
|d 994123
|
| 952 |
|
|
|a SNK
|b SNK
|y PREZ
|7 0
|p 17A0480871
|o snkSB 70897/1
|i snk2005/14141
|8 0
|0 0
|1 0
|4 0
|d 2005-08-11
|l 0
|r 2025-04-23 00:00:00
|w 2026-02-24
|
| 952 |
|
|
|a SNK
|b SNK
|y VYP
|7 0
|p 17A0480864
|o snkSB 70897/1 D1
|i snk2005/14142
|8 0
|0 0
|1 0
|4 0
|d 2005-08-11
|f 1
|l 0
|r 2016-06-30 00:00:00
|w 2026-02-24
|